000 00740cam a2200229 c 4500
001 a5071588
003 OSt
005 20130830174802.0
008 110620s2011 sp a | |||| 001 0 spa
020 _a978-84-8086-819-8
040 _aSpMaBN
_cBMC
082 _a612
100 _aGuyton, Arthur C.
_9578
245 1 0 _aTratado de fisiología médica
_cGuyton & Hall John E. Hall, Arthur C. Guyton ; [traducción y producción editorial, GEA Consultoría Editorial, S.L.]
250 _a12ª ed
260 _aBarcelona
_bElsevier
_c2011
300 _aXIX, 1092 p.
_bil. col., gráf.
_c28 cm
504 _aIncluye referencias bibliográficas e índice
650 _9580
_aFisiología humana
700 _aHall, John E.
_9579
942 _2ddc
_cBK
999 _c467
_d467